[Event "Regionalliga SW 9697"]
[Site "Bayern"]
[Date "1997.??.??"]
[Round "?"]
[White "Michaelis, Martin"]
[Black "Huber, Marc"]
[Result "1-0"]
[WhiteElo "2095"]
[BlackElo "2060"]
[PlyCount "75"]
[EventDate "1996.10.??"]
[EventType "team-tourn"]
[EventRounds "9"]
[EventCountry "GER"]
[SourceTitle "EXT 1999"]
[Source "ChessBase"]
[SourceDate "1998.11.16"]
[SourceVersion "1"]
[SourceVersionDate "1998.11.16"]
[SourceQuality "1"]
[WhiteTeam "Kriegshaber SK"]
[BlackTeam "Garching"]
[WhiteTeamCountry "GER"]
[BlackTeamCountry "GER"]

1. d4 f5 2. Bg5 h6 3. Bh4 g6 4. e4 d5 5. exf5 Bxf5 6. g4 Be6 7. Qd3 g5 8. Bg3 Nc6 9. Nc3 a6 10. 0-0-0 Nf6 11. h3 Bf7 12. Nf3 e6 13. Bg2 Bd6 14. Ne5 Bxe5 15. dxe5 Nd7 16. Nxd5 exd5 17. e6 Bxe6 18. Rhe1 Qf6 19. Bxd5 Nb4 20. Qf5 Qxf5 21. gxf5 Nxd5 22. Rxd5 Nb6 23. Rxe6+ Kf7 24. Rd3 Rac8 25. Bxc7 Rxc7 26. Rxb6 h5 27. Rdb3 g4 28. Rxb7 Rxb7 29. Rxb7+ Kf6 30. hxg4 h4 31. Rd7 h3 32. Rd1 Kg5 33. f3 Kf4 34. f6 h2 35. Rh1 Kxf3 36. g5 Kg2 37. Rxh2+ Rxh2 38. g6 1-0

[Event "Regionalliga SW 9596"]
[Site "Bayern"]
[Date "1996.??.??"]
[Round "?"]
[White "Wolf, Gerhard1111"]
[Black "Huber, Marc"]
[Result "0-1"]
[WhiteElo "2005"]
[BlackElo "2030"]
[PlyCount "98"]
[EventDate "1995.10.??"]
[EventType "team-tourn"]
[EventRounds "9"]
[EventCountry "GER"]
[SourceTitle "EXT 1999"]
[Source "ChessBase"]
[SourceDate "1998.11.16"]
[SourceVersion "1"]
[SourceVersionDate "1998.11.16"]
[SourceQuality "1"]
[WhiteTeam "Muenchen FC Bayern II"]
[BlackTeam "Garching"]
[WhiteTeamCountry "GER"]
[BlackTeamCountry "GER"]

1. d4 f5 2. Nc3 Nf6 3. Bg5 d5 4. Bxf6 exf6 5. e3 Be6 6. Bd3 Qd7 7. Qf3 Nc6 8. a3 Ne7 9. Nge2 c6 10. h4 h5 11. 0-0-0 g6 12. Kb1 Nc8 13. Qg3 Bf7 14. f3 Nd6 15. Nf4 Rg8 16. e4 fxe4 17. fxe4 dxe4 18. Bxe4 Nxe4 19. Nxe4 Qf5 20. Nd3 0-0-0 21. Ndc5 Bxc5 22. Nxc5 Qd5 23. Nb3 g5 24. Rhg1 Qe4 25. hxg5 Rxg5 26. Qc3 Rxg2 27. Qh3+ Rg4 28. Rde1 Qg6 29. Rgf1 f5 30. Qc3 Bxb3 31. Qxb3 Rgxd4 32. Re7 R4d7 33. Rfe1 Qd6 34. R7e5 Qf6 35. Qf3 Rd1+ 36. Rxd1 Rxd1+ 37. Qxd1 Qxe5 38. Qxh5 Qe1+ 39. Ka2 Qe6+ 40. b3 Qe4 41. Kb2 f4 42. Kc1 Qe3+ 43. Kd1 f3 44. Qf5+ Kc7 45. Qa5+ Kd7 46. Qd2+ Qxd2+ 47. Kxd2 Ke6 48. Ke3 Kd5 49. c3 a5 0-1